Directly Returning Mario Kart Tracks - Statistics

General Stats
  • This quiz has been taken 9 times
  • The average score is 24 of 32
Answer Stats
Debut Game Returns in Cup (Debut) Cup (Latest) Answer % Correct
Mario Kart 7 (2011) Mario Kart 8 Deluxe - Booster Course Pass (2022 - 2023) Mushroom Golden Dash Toad Circuit
100%
Mario Kart Wii (2008) Mario Kart 7 (2011) Flower Banana Coconut Mall
88%
Mario Kart 7 (2011) Mario Kart 8 (2014) Special Banana DK Jungle
88%
Mario Kart Wii (2008) Mario Kart 7 (2011) Star Lightning Koopa Cape
88%
Mario Kart Wii (2008) Mario Kart 7 (2011) Star Leaf Maple Treeway
88%
Mario Kart Wii (2008) Mario Kart 7 (2011) Mushroom Shell Mushroom Gorge
88%
Mario Kart 7 (2011) Mario Kart 8 (2014) Star Bell Neo Bowser City
88%
Mario Kart 7 (2011) Mario Kart 8 Deluxe - Booster Course Pass (2022 - 2023) Special Moon Rainbow Road
88%
Mario Kart 7 (2011) Mario Kart 8 Deluxe - Booster Course Pass (2022 - 2023) Flower Rock Rock Rock Mountain
88%
Mario Kart DS (2005) Mario Kart Wii (2008) Flower Banana Delfino Square
75%
Mario Kart DS (2005) Mario Kart Wii (2008) Flower Leaf Desert Hills
75%
Mario Kart: Super Circuit (2001) Mario Kart DS (2005) Lightning Leaf Luigi Circuit
75%
Mario Kart: Double Dash!! (2003) Mario Kart DS (2005) Mushroom Shell Luigi Circuit
75%
Super Mario Kart (1992) Mario Kart DS (2005) Mushroom Shell Mario Circuit 1
75%
Mario Kart 7 (2011) Mario Kart 8 (2014) Flower Leaf Music Park
75%
Mario Kart DS (2005) Mario Kart Wii (2008) Special Lightning Peach Gardens
75%
Mario Kart 7 (2011) Mario Kart 8 (2014) Star Lightning Piranha Plant Slide
75%
Mario Kart 7 (2011) Mario Kart 8 Deluxe - Booster Course Pass (2022 - 2023) Special Spiny Rosalina's Ice World
75%
Mario Kart: Super Circuit (2001) Mario Kart DS (2005) Lightning Lightning Sky Garden
75%
Mario Kart: Double Dash!! (2003) Mario Kart DS (2005) Star Lightning Yoshi Circuit
75%
Mario Kart DS (2005) Mario Kart Wii (2008) Mushroom Shell Yoshi Falls
75%
Mario Kart: Double Dash!! (2003) Mario Kart DS (2005) Mushroom Banana Baby Park
63%
Mario Kart 64 (1996) Mario Kart DS (2005) Special Lightning Banshee Boardwalk
63%
Mario Kart 64 (1996) Mario Kart DS (2005) Flower Leaf Choco Mountain
63%
Super Mario Kart (1992) Mario Kart DS (2005) Mushroom Banana Donut Plains 1
63%
Super Mario Kart (1992) Mario Kart DS (2005) Special Leaf Koopa Beach 2
63%
Mario Kart 64 (1996) Mario Kart DS (2005) Mushroom Shell Moo Moo Farm
63%
Mario Kart: Double Dash!! (2003) Mario Kart DS (2005) Flower Leaf Mushroom Bridge
63%
Mario Kart: Super Circuit (2001) Mario Kart DS (2005) Mushroom Shell Peach Circuit
63%
Mario Kart: Super Circuit (2001) Mario Kart DS (2005) Flower Banana Bowser Castle 2
50%
Super Mario Kart (1992) Mario Kart DS (2005) Star Lightning Choco Island 2
50%
Mario Kart 64 (1996) Mario Kart DS (2005) Flower Banana Frappe Snowland
50%
No matching quizzes found
Score Distribution
Percent of People with Each Score
Percentile by Number Answered
Your Score History
You have not taken this quiz